| 000 | 04012nam a2201441Ia 4500 | ||
|---|---|---|---|
| 001 | 6021 | ||
| 008 | 191123s9999 xx 000 0 und d | ||
| 020 | _a9504307256 | ||
| 041 | _aspa | ||
| 044 | _aag | ||
| 100 | _aMagaz, María del Carmen | ||
| 245 | 0 |
_aHistoria de los monumentos y esculturas de Buenos Aires : _bPlaza San Martín, Plaza Lavalle, Parque Lezama. |
|
| 260 |
_aBuenos Aires : _bInstituto Histórico de la Ciudad de Buenos Aires, _c1985. |
||
| 300 | _a306 p. | ||
| 504 | _aBibliografia al final de cada tema y pp. 293-299 | ||
| 650 | _aACUARELAS | ||
| 650 | _aALEM, LEANDRO NICEFORO | ||
| 650 | _aARGENTINA | ||
| 650 | _aAVENIDA 9 DE JULIO | ||
| 650 | _aBACO | ||
| 650 | _aBALLET | ||
| 650 | _aBARBERIS, LUIS ALBERTO | ||
| 650 | _aBEETHOVEN, LUDWIG VAN | ||
| 650 | _aBIOGRAFIAS | ||
| 650 | _aBLANES, JUAN MANUEL | ||
| 650 | _aBUENOS AIRES | ||
| 650 | _aCALDERON, ABDON | ||
| 650 | _aCANNING, GEORGE | ||
| 650 | _aCERRATO, EZEQUIEL F. | ||
| 650 | _aCHAQUINGA, J. | ||
| 650 | _aCORDIALIDAD INTERNACIONAL | ||
| 650 | _aCORDIER, CHARLES HENRI JOSEPH | ||
| 650 | _aCOSTA, PIETRO | ||
| 650 | _aCRUCEIROS | ||
| 650 | _aDAMA ROMANA | ||
| 650 | _aDAUMAS, LOUIS JOSEPH | ||
| 650 | _aDE LA CARCOVA, CARLOS | ||
| 650 | _aDE LA CARCOVA, ERNESTO | ||
| 650 | _aDIANA FUGITIVA | ||
| 650 | _aDIBUJOS | ||
| 650 | _aEBERLEIN, GUSTAV | ||
| 650 | _aECHEVERRIA, ESTEBAN | ||
| 650 | _aEL AGUATERO | ||
| 650 | _aEL CHICO Y LA GALLINA | ||
| 650 | _aEL RETIRO | ||
| 650 | _aESCULTURAS | ||
| 650 | _aEUGENIDES, EUGENIO, | ||
| 650 | _aFERRARI, PEDRO JUAN | ||
| 650 | _aFIORAVANTI, JOSE | ||
| 650 | _aFOTOGRAFIAS | ||
| 650 | _aFREXAS, LOLA | ||
| 650 | _aFUENTES | ||
| 650 | _aFUENTES DECORATIVAS | ||
| 650 | _aGAITO, CONSTANTINO | ||
| 650 | _aGEMITO, VICENTE | ||
| 650 | _aGLORIOSO, MAURO JUAN | ||
| 650 | _aGULLI, NICOLAS | ||
| 650 | _aHIDALGO Y COSTILLA, MIGUEL | ||
| 650 | _aHISTORIA | ||
| 650 | _aHITO DE LA ARGENTINIDAD | ||
| 650 | _aIBARRA GARCIA, ANGEL | ||
| 650 | _aKERUBIS DE QUINTELA, NORA | ||
| 650 | _aLA CONFRATERNIDAD ARGENTINO URUGUAYAVIRIEUX, | ||
| 650 | _aLA COSECHADORA | ||
| 650 | _aLA DUDA | ||
| 650 | _aLA FUENTE DE LA DONCELLA | ||
| 650 | _aLA PRIMAVERA | ||
| 650 | _aLA VID | ||
| 650 | _aLAGOS, ALBERTO | ||
| 650 | _aLASALA, CANDIDO DE | ||
| 650 | _aLAVALLE, JUAN | ||
| 650 | _aLEGUIZAMON PONDAL, GONZALO | ||
| 650 | _aLLIMONA BRUGHERA, JOSEPH | ||
| 650 | _aLOBA ROMANA | ||
| 650 | _aLOPEZ BUCHARDO, CARLOS | ||
| 650 | _aMASTILES | ||
| 650 | _aMENDEZ, JULIE | ||
| 650 | _aMENDOZA, PEDRO DE | ||
| 650 | _aMONUMENTOS | ||
| 650 | _aMONUMENTOS ECUESTRES | ||
| 650 | _aNAON, ROMULO | ||
| 650 | _aNIÑOS CORRIENDO | ||
| 650 | _aOLIVA NAVARRO, JUAN | ||
| 650 | _aPALAS ATENEA | ||
| 650 | _aPARQUE LEZAMA | ||
| 650 | _aPARRAVICINI, FLORENCIO | ||
| 650 | _aPENA, ANTONIO | ||
| 650 | _aPERLOTTI, LUIS | ||
| 650 | _aPLAZA BRITANICA | ||
| 650 | _aPLAZA CANADA | ||
| 650 | _aPLAZA DE TOROS | ||
| 650 | _aPLAZA DEL LIBERTADOR GENERAL SAN MARTIN | ||
| 650 | _aPLAZA FUERZA AEREA ARGENTINA | ||
| 650 | _aPLAZA LAVALLE | ||
| 650 | _aPLAZA SAN MARTIN | ||
| 650 | _aPLAZAS | ||
| 650 | _aPLAZOLETA JUVENILIA | ||
| 650 | _aPLAZOLETA TENIENTE DE NAVIO CANDIDO DE LASALA | ||
| 650 | _aPLAZOLETAS | ||
| 650 | _aPODESTA, JOSE | ||
| 650 | _aPOYNTER, AMBROSE | ||
| 650 | _aRELOJ DE SOL | ||
| 650 | _aREPETTO, ROBERTO | ||
| 650 | _aSAN MARTIN, JOSE DE | ||
| 650 | _aSCHMIDEL, ULRICO | ||
| 650 | _aTASSO, TORCUATO | ||
| 650 | _aTORRE DE LOS INGLESES | ||
| 650 | _aTOTEM | ||
| 650 | _aTRAJANO | ||
| 650 | _aVILLAMAJO, JULIO | ||
| 650 | _aYRIGOYEN, HIPOLITO | ||
| 650 | _aZONZA BRIANO, PEDRO | ||
| 650 | _aZUÑIGA, FRANCISCO | ||
| 700 | _aArevalo, María Beatríz, | ||
| 902 | _aM | ||
| 903 | _am | ||
| 904 | _am | ||
| 907 | _aImpreso | ||
| 911 | _ailus. b/n; 23 cm | ||
| 912 | _a1985 | ||
| 942 | _cLIBRO | ||
| 999 |
_c4256 _d4256 |
||